Statistics for WWII Country Entrance Order

Click here to take the quiz!

General Stats

  • This quiz has been taken 302 times
    (243 since last reset)
  • The average score is 20 of 26

Answer Stats

DateHintAnswer% Correct
September 1st 1939AggressorGermany
100%
InvadedPoland
98%
September 3rd 1939Declared WarU.K.
98%
Declared WarFrance
97%
July 7th 1937AggressorJapan
97%
September 17th 1939AggressorSoviet Union
96%
InvadedChina
94%
June 10th 1940AggressorItaly
93%
December 7th 1941Was AttackedUSA
93%
May 10th 1940InvadedBelgium
88%
September 10th 1939Declared WarCanada
86%
InvadedNetherlands
86%
November 30th 1939InvadedFinland
82%
InvadedNorway
82%
October 28th 1940InvadedGreece
80%
Declared WarAustralia
79%
April 9th 1940InvadedDenmark
77%
November 22nd 1940Joined AllianceRomania
75%
November 20th 1940Joined AllianceHungary
74%
March 1st 1941Joined AllianceBulgaria
72%
April 6th 1941InvadedYugoslavia
72%
Declared WarNew Zealand
71%
InvadedLuxembourg
65%
October 1940AggressorThailand
37%
November 23rd 1940Joined AllianceSlovakia
33%
June 15th 1941Joined AllianceCroatia
23%

Score Distribution

Percentile by Number Answered

Percent of People with Each Score

Your Score History

You have not taken this quiz since the last reset